[Event "GER-chT U16"]
[Site "Darmstadt"]
[Date "2022.12.28"]
[Round "3"]
[White "Dueding, Alexander"]
[Black "Tietz, Bennit"]
[Result "0-1"]
[WhiteElo "1561"]
[BlackElo "1688"]
[PlyCount "82"]
[EventDate "2022.12.26"]
[EventType "team-swiss"]
[EventRounds "7"]
[EventCountry "GER"]
[SourceTitle "CBM 212 Extra"]
[Source "ChessBase"]
[SourceDate "2023.03.31"]
[SourceVersion "1"]
[SourceVersionDate "2023.03.31"]
[SourceQuality "1"]
[WhiteTeam "Rheda"]
[BlackTeam "Hamburger SK"]
[WhiteTeamCountry "GER"]
[BlackTeamCountry "GER"]

1. e4 e5 2. Bc4 Nc6 3. Nf3 Bc5 4. 0-0 Nf6 5. d4 Bxd4 6. Nxd4 Nxd4 7. Bg5 h6 8. Bh4 g5 9. f4 d5 10. fxe5 dxc4 11. Bf2 Nxc2 12. Qxc2 Ng4 13. Qc3 Nxf2 14. Rxf2 Be6 15. Nd2 Qd3 16. Qxd3 cxd3 17. Rc1 0-0-0 18. Rc3 Rd7 19. a3 Rhd8 20. Rf6 h5 21. Kf2 Re7 22. Rf3 Red7 23. Re3 b6 24. b3 Kb7 25. h3 c5 26. Ke1 g4 27. h4 Kc6 28. g3 b5 29. b4 c4 30. Kf2 Re7 31. Ke1 Bc8 32. a4 a6 33. a5 Rxe5 34. Kf2 f5 35. exf5 Rxe3 36. Kxe3 Re8+ 37. Kf4 Rf8 38. Nb3 Kd5 39. Ke3 Rxf5 40. Nd2 Re5+ 41. Kf4 Re2 0-1